Central Library OPAC University of Rajshahi

The structure of inorganic radicals : (Record no. 10147)

MARC details
000 -LEADER
fixed length control field 01020cam a22002771 4500
001 - CONTROL NUMBER
control field 10147
003 - CONTROL NUMBER IDENTIFIER
rucl marc code BD-RjUL
005 - DATE AND TIME OF LATEST TRANSACTION
control field 20211208234912.0
008 - FIXED-LENGTH DATA ELEMENTS--GENERAL INFORMATION
fixed length control field 140123s1967 ne a b 001 0 eng d
035 ## - SYSTEM CONTROL NUMBER
System control number (BD-RjUL)10195
040 ## - CATALOGING SOURCE
Original cataloging agency DLC
Transcribing agency DLC
Modifying agency ICU
-- DLC
-- BD-RjUL
Language of cataloging eng
041 ## - LANGUAGE CODE
Language code of text/sound track or separate title eng
082 00 - DEWEY DECIMAL CLASSIFICATION NUMBER
Classification number 541.224
Author mark and year ATS 1967
100 1# - MAIN ENTRY--PERSONAL NAME
Personal name Atkins, P. W.
Fuller form of name (Peter William),
Dates associated with a name 1940-
9 (RLIN) 29303
245 14 - TITLE STATEMENT
Title The structure of inorganic radicals :
Remainder of title an application of electron spin resonance to the study of molecular structure /
Statement of responsibility, etc. P. W. Atkins and M. C. R. Symons.
260 ## - PUBLICATION, DISTRIBUTION, ETC. (IMPRINT)
Place of publication, distribution, etc. Amsterdam;
-- New York:
Name of publisher, distributor, etc. Elsevier Pub. Co.,
Date of publication, distribution, etc. 1967.
300 ## - PHYSICAL DESCRIPTION
Pagination x, 280 p.
Illustrations ill. ;
Size 22 cm.
504 ## - BIBLIOGRAPHY, ETC. NOTE
Bibliography, etc Includes bibliographies.
650 #0 - SUBJECT ADDED ENTRY--TOPICAL TERM
Topical term or geographic name as entry element Radicals (Chemistry)
General subdivision Spectra.
9 (RLIN) 31335
Topical term or geographic name as entry element Electron paramagnetic resonance.
9 (RLIN) 28987
Topical term or geographic name as entry element Molecular spectroscopy.
9 (RLIN) 31336
Topical term or geographic name as entry element Molecular structure.
9 (RLIN) 28116
700 1# - ADDED ENTRY--PERSONAL NAME
Personal name Symons, M. C. R.
Fuller form of name (Martyn C. R.),
Relator term joint author.
942 ## - ADDED ENTRY ELEMENTS (KOHA)
Source of classification or shelving scheme Dewey Decimal Classification
Koha item type Books
Holdings
Lost status Source of classification or shelving scheme Damaged status Not for loan Collection code Permanent Location Current Location Shelving location Date acquired Source of acquisition Cost, normal purchase price Total Checkouts Full call number Date last seen Copy number Koha item type
  Dewey Decimal Classification     Non-fiction Central Library, University of Rajshahi Central Library, University of Rajshahi   02/08/1971 Zeitlinger 200.00   541.224 ATS 1967 23/01/2014 C-3 Books
  Dewey Decimal Classification   Not For Loan Non-fiction Central Library, University of Rajshahi Central Library, University of Rajshahi Reading Room 02/08/1971 Zeithinger 200.00   541.224 ATS 1967 15/04/2017 C-1 Books
  Dewey Decimal Classification     Non-fiction Central Library, University of Rajshahi Central Library, University of Rajshahi   02/08/1971 Zeitlinger 200.00   541.224 ATS 1967 14/05/2017 C-2 Books